10 Movies of 1959 - Statistics

General Stats
  • This quiz has been taken 17 times
  • The average score is 4 of 10
Answer Stats
Hint Answer % Correct
Princess Aurora is cursed to sleep until awakened by true love’s kiss. Sleeping Beauty
79%
After witnessing a mob hit, two musicians disguise themselves as women to join an all-girl band. Some Like It Hot
79%
A Jewish prince seeks vengeance against the Romans after being betrayed by his childhood friend and enduring years of slavery. Ben-Hur
71%
Advertising man Roger Thornhill is mistaken for a spy, triggering a deadly cross-country chase. North By Northwest
71%
* A French actress and a Japanese architect share a passionate affair in post-war Hiroshima * Hiroshima Mon Amour
29%
* A young Parisian boy navigates a troubled life marked by neglectful parents and indifferent adults. * The 400 Blows
29%
* A young man masters pickpocketing while grappling with moral dilemmas and personal relationships. * Pickpocket
21%
A defense attorney takes on a murder case involving a soldier claiming temporary insanity after killing a man who allegedly raped his wife. Anatomy of a Murder
14%
In 1940s New York, a white widow who dreams of being on Broadway has a chance encounter with a black single mother, who becomes her maid. Imitation of Life
7%
A sheriff enlists the help of an old friend and a group of locals to protect a town from a dangerous outlaw and his gang. Rio Bravo
0%
No matching quizzes found
Score Distribution
Percent of People with Each Score
Percentile by Number Answered
Your Score History
You have not taken this quiz